1976 US Presidential Election Map Click Quiz - Statistics

General Stats
  • This quiz has been taken 20 times
  • The average score is 40 of 50
Answer Stats
Hint Answer % Correct
Alaska Gerald Ford
94%
Wyoming Gerald Ford
94%
Florida Jimmy Carter
94%
Georgia Jimmy Carter
94%
North Carolina Jimmy Carter
94%
West Virginia Jimmy Carter
94%
Arizona Gerald Ford
88%
Idaho Gerald Ford
88%
Kansas Gerald Ford
88%
Montana Gerald Ford
88%
Nebraska Gerald Ford
88%
New Mexico Gerald Ford
88%
North Dakota Gerald Ford
88%
Oregon Gerald Ford
88%
South Dakota Gerald Ford
88%
Utah Gerald Ford
88%
Arkansas Jimmy Carter
88%
Hawaii Jimmy Carter
88%
Louisiana Jimmy Carter
88%
Mississippi Jimmy Carter
88%
Missouri Jimmy Carter
88%
South Carolina Jimmy Carter
88%
Tennessee Jimmy Carter
88%
California Gerald Ford
81%
Colorado Gerald Ford
81%
Indiana Gerald Ford
81%
Iowa Gerald Ford
81%
Nevada Gerald Ford
81%
Alabama Jimmy Carter
81%
Kentucky Jimmy Carter
81%
Massachusetts Jimmy Carter
81%
Minnesota Jimmy Carter
81%
Texas Jimmy Carter
81%
New Hampshire Gerald Ford
75%
Oklahoma Gerald Ford
75%
Maryland Jimmy Carter
75%
Pennsylvania Jimmy Carter
75%
Rhode Island Jimmy Carter
75%
Connecticut Gerald Ford
69%
New Jersey Gerald Ford
69%
Washington (1 Faithless Elector for Ronald Reagan) Gerald Ford
69%
New York Jimmy Carter
69%
Wisconsin Jimmy Carter
69%
Maine Gerald Ford
63%
Michigan Gerald Ford
63%
Vermont Gerald Ford
63%
Delaware Jimmy Carter
63%
Ohio Jimmy Carter
63%
Illinois Gerald Ford
56%
Virginia Gerald Ford
50%
No matching quizzes found
Score Distribution
Percent of People with Each Score
Percentile by Number Answered
Your Score History
You have not taken this quiz